000
00239 a2200097 4500
001
13254
100
_a
Basu, R.
245
_a
Implementing Quality: A Practical Guide to Tools and Techniques
260
_a
_b
Thomson
_c
090
_c
10246
_d
10246
942
_a
NUST-CAE
_c
M
_c
277
999
_c
248327
_d
248327